[Event "Oberliga Ost A 2018 2019"]
[Site "?"]
[Date "2018.12.16"]
[Round "5.6"]
[White "Groebel, Aaron"]
[Black "Woellermann, Jan"]
[Result "1/2-1/2"]
[WhiteElo "2062"]
[BlackElo "2352"]
[PlyCount "71"]
[EventDate "2018.10.21"]
[EventType "team-tourn"]
[EventCountry "GER"]
[WhiteTeam "Halle USV"]
[BlackTeam "Magdeburg SG Aufbau Elbe"]
[WhiteTeamCountry "GER"]
[BlackTeamCountry "GER"]

1. e4 e5 2. Nf3 Nc6 3. Bc4 Bc5 4. c3 Nf6 5. d3 d6 6. h3 a5 7. Nbd2 O-O 8. O-O
Be6 9. Re1 Re8 10. Bb5 Bd7 11. Nf1 Ne7 12. Bxd7 Nxd7 13. d4 Ba7 14. Ng3 Ng6 15.
Bg5 Qc8 16. h4 h6 17. h5 Nf4 18. Bxf4 exf4 19. Nf5 Nf6 20. N3h4 Re6 21. e5 dxe5
22. dxe5 Nd7 23. Qg4 Qf8 24. Qxf4 Rae8 25. Nf3 Nc5 26. Rad1 a4 27. Re2 Rb6 28.
Qg3 Kh7 29. Ne3 Rbe6 30. Nc4 b5 31. Ne3 a3 32. Qf4 axb2 33. Rxb2 Na4 34. Rc2
Bxe3 35. Qxe3 Kg8 36. Rd7 1/2-1/2

[Event "Oberliga Ost A 2018 2019"]
[Site "?"]
[Date "2018.12.16"]
[Round "5.7"]
[White "Merkert, Maximilian"]
[Black "Perekhozhuk, Maksym"]
[Result "1-0"]
[WhiteElo "2256"]
[BlackElo "1968"]
[PlyCount "45"]
[EventDate "2018.10.21"]
[EventType "team-tourn"]
[EventCountry "GER"]
[WhiteTeam "Magdeburg SG Aufbau Elbe"]
[BlackTeam "Halle USV"]
[WhiteTeamCountry "GER"]
[BlackTeamCountry "GER"]

1. c4 c5 2. g3 Nf6 3. Bg2 d5 4. cxd5 Nxd5 5. Nc3 Nc7 6. Nf3 Nc6 7. O-O e5 8. a3
Be7 9. b4 a6 10. bxc5 Bxc5 11. Bb2 O-O 12. Ne4 Bd4 13. Nxd4 Nxd4 14. e3 Nc6 15.
Rc1 Bf5 16. Nc5 Qc8 17. Nxb7 Qxb7 18. Bxe5 Bd7 19. Qc2 Nb5 20. Bxc6 Bxc6 21.
Qxc6 Qe7 22. Bb2 Nxa3 23. Qc3 1-0

[Event "Oberliga Ost A 2018 2019"]
[Site "?"]
[Date "2018.12.16"]
[Round "5.8"]
[White "Altstadt, Karl Simon"]
[Black "Paul, Johannes"]
[Result "0-1"]
[WhiteElo "2004"]
[BlackElo "2388"]
[PlyCount "80"]
[EventDate "2018.10.21"]
[EventType "team-tourn"]
[EventCountry "GER"]
[WhiteTeam "Halle USV"]
[BlackTeam "Magdeburg SG Aufbau Elbe"]
[WhiteTeamCountry "GER"]
[BlackTeamCountry "GER"]

1. e4 e6 2. d4 d5 3. Nc3 Nf6 4. e5 Nfd7 5. f4 c5 6. Nf3 Nc6 7. Ne2 Be7 8. c3
O-O 9. a3 Qa5 10. Bd2 Qb6 11. b4 cxd4 12. cxd4 f6 13. b5 Na5 14. Nc3 fxe5 15.
Na4 Qd8 16. fxe5 Nc4 17. Bxc4 dxc4 18. O-O a6 19. b6 a5 20. Rb1 Nb8 21. Qc2 Nc6
22. Qxc4 Bxa3 23. Bg5 Qd5 24. Qxd5 exd5 25. Nc3 Bg4 26. Nxd5 Bxf3 27. Rxf3 Rxf3
28. gxf3 Nxd4 29. Kg2 a4 30. Be3 Nf5 31. Bc1 Bf8 32. e6 Ra5 33. Nc7 a3 34. Rb5
Rxb5 35. Nxb5 a2 36. Bb2 Ne3+ 37. Kg3 Be7 38. Nc3 Bf6 39. e7 Kf7 40. Kf4 Nd5+
0-1

[Event "Oberliga Ost A 2018 2019"]
[Site "?"]
[Date "2018.12.16"]
[Round "5.1"]
[White "Hollan, Martin"]
[Black "Pallas, Sebastian"]
[Result "1/2-1/2"]
[WhiteElo "2374"]
[BlackElo "2292"]
[PlyCount "160"]
[EventDate "2018.10.21"]
[EventType "team-tourn"]
[EventCountry "GER"]
[WhiteTeam "Magdeburg SV Rochade"]
[BlackTeam "Loeberitz SG"]
[WhiteTeamCountry "GER"]
[BlackTeamCountry "GER"]

1. d4 Nf6 2. c4 g6 3. Nc3 d5 4. cxd5 Nxd5 5. e4 Nxc3 6. bxc3 Bg7 7. Nf3 O-O 8.
Be2 c5 9. Rb1 Nc6 10. d5 Na5 11. c4 b6 12. O-O e5 13. Bb2 f6 14. Nd2 Bh6 15.
Nb3 Nb7 16. Bc1 Bxc1 17. Rxc1 Nd6 18. Nd2 Qe7 19. Re1 Bd7 20. a4 Qe8 21. Ra1
Rb8 22. a5 b5 23. cxb5 Bxb5 24. Qc2 Bxe2 25. Qxc5 Nb7 26. Qxa7 Qb5 27. a6 Qd3
28. Qe3 Qxe3 29. fxe3 Bxa6 30. Rxa6 Nc5 31. Rc6 Nd3 32. Rf1 f5 33. exf5 gxf5
34. d6 e4 35. d7 Rbd8 36. Rc8 Rxc8 37. dxc8=Q Rxc8 38. Rxf5 Kh8 39. h4 h6 40.
Kh2 Rc2 41. Nxe4 Re2 42. Rf3 Ne5 43. Rg3 Rxe3 44. Rxe3 Ng4+ 45. Kg3 Nxe3 46. h5
Kg7 47. Kf3 Nd5 48. g4 Kf7 49. Kg3 Kg7 50. Kh4 Ne3 51. Kg3 Nd5 52. Kf3 Kf7 53.
Nf2 Kf6 54. Kg3 Kf7 55. Nd3 Kf6 56. Nc5 Kf7 57. Nd7 Ke7 58. Ne5 Kf6 59. Ng6 Kg5
60. Nh4 Kf6 61. Nf5 Kg5 62. Nd6 Kf6 63. Kf3 Nc3 64. Nf5 Kg5 65. Ne3 Kf6 66. Nc4
Nd5 67. Nd6 Nc3 68. Kg3 Nd5 69. Ne4+ Kf7 70. Kh4 Kg7 71. Nd6 Ne3 72. g5 hxg5+
73. Kxg5 Kh7 74. Ne4 Nd5 75. h6 Kg8 76. Nd6 Kh7 77. Ne4 Kg8 78. Nf6+ Nxf6 79.
Kxf6 Kh7 80. Ke7 Kxh6 1/2-1/2

[Event "Oberliga Ost A 2018 2019"]
[Site "?"]
[Date "2018.12.16"]
[Round "5.2"]
[White "Stein, Robert"]
[Black "Mueller, Dominik"]
[Result "1/2-1/2"]
[WhiteElo "2306"]
[BlackElo "2266"]
[PlyCount "88"]
[EventDate "2018.10.21"]
[EventType "team-tourn"]
[EventCountry "GER"]
[WhiteTeam "Loeberitz SG"]
[BlackTeam "Magdeburg SV Rochade"]
[WhiteTeamCountry "GER"]
[BlackTeamCountry "GER"]

1. d4 Nf6 2. c4 g6 3. g3 Bg7 4. Bg2 d5 5. cxd5 Nxd5 6. Nf3 O-O 7. O-O Nc6 8. e4
Nb6 9. d5 Na5 10. Qe1 Nac4 11. Nc3 c6 12. b3 cxd5 13. exd5 Nd6 14. Ne5 Bf5 15.
Bb2 Nd7 16. Nxd7 Qxd7 17. Qe2 Rac8 18. Rac1 Rc7 19. Na4 Rfc8 20. Rxc7 Qxc7 21.
Bxg7 Kxg7 22. h3 b5 23. Nb2 Qb6 24. g4 Rc2 25. Qxe7 Be4 26. Bxe4 Re2 27. Qe5+
Kg8 28. Nd3 Rxe4 29. Qf6 Rd4 30. Qf3 Qb7 31. Nf4 Ne4 32. Qe3 Ng5 33. Kg2 Re4
34. Qd2 Re5 35. Rc1 Ne6 36. Nxe6 Rxd5 37. Qa5 Rd1+ 38. Kg3 Rd3+ 39. Kh2 fxe6
40. Qc7 Qxc7+ 41. Rxc7 a5 42. Ra7 a4 43. bxa4 Ra3 44. a5 b4 1/2-1/2

[Event "Oberliga Ost A 2018 2019"]
[Site "?"]
[Date "2018.12.16"]
[Round "5.3"]
[White "Kuchynka, Lukas"]
[Black "Niegsch, Nicolas"]
[Result "1/2-1/2"]
[WhiteElo "2286"]
[BlackElo "2236"]
[PlyCount "122"]
[EventDate "2018.10.21"]
[EventType "team-tourn"]
[EventCountry "GER"]
[WhiteTeam "Magdeburg SV Rochade"]
[BlackTeam "Loeberitz SG"]
[WhiteTeamCountry "GER"]
[BlackTeamCountry "GER"]

1. d4 Nf6 2. Bf4 g6 3. Nc3 d6 4. e4 c6 5. Qd2 b5 6. Bd3 Nbd7 7. O-O-O e5 8.
dxe5 dxe5 9. Bh6 Bxh6 10. Qxh6 Ng4 11. Qd2 Qb6 12. Rf1 b4 13. Nd1 Qa5 14. Kb1
Nb6 15. f4 Be6 16. b3 O-O-O 17. h3 Nf6 18. fxe5 Nxe4 19. Qe1 Nc5 20. Nb2 Rd7
21. Ne2 Rhd8 22. g4 Rd5 23. Nf4 Rd4 24. Ne2 Nxd3 25. cxd3 Rxd3 26. Nxd3 Rxd3
27. Nc1 Rc3 28. Rh2 Qc5 29. Rd2 Nd5 30. Nd3 Qa5 31. Nf4 Re3 32. Qf2 Nc3+ 33.
Ka1 Qxe5 34. Rb2 Bd5 35. Nxd5 cxd5 36. Rc1 f6 37. h4 Kb8 38. g5 f5 39. h5 gxh5
40. Qh4 f4 41. g6 hxg6 42. Qd8+ Kb7 43. Qa5 Qd4 44. Qd8 Qb6 45. Qf8 a5 46. Qxf4
Qe6 47. Qf8 Qe7 48. Qg8 Qf6 49. Rg1 Re7 50. Rc1 Qd6 51. Rf2 Qe5 52. Rb2 Qe3 53.
Rbc2 Qd4 54. Rb2 Qe4 55. Qd8 Rc7 56. Rf2 Qd4 57. Rb2 h4 58. Qg5 Qe4 59. Rh2 Qd4
60. Rb2 Qe4 61. Rh2 h3 1/2-1/2

[Event "Oberliga Ost A 2018 2019"]
[Site "?"]
[Date "2018.12.16"]
[Round "5.4"]
[White "Proehl, Holger"]
[Black "Bednar, Marcel"]
[Result "1/2-1/2"]
[WhiteElo "2348"]
[BlackElo "2272"]
[PlyCount "60"]
[EventDate "2018.10.21"]
[EventType "team-tourn"]
[EventCountry "GER"]
[WhiteTeam "Loeberitz SG"]
[BlackTeam "Magdeburg SV Rochade"]
[WhiteTeamCountry "GER"]
[BlackTeamCountry "GER"]

1. e4 Nf6 2. e5 Nd5 3. d4 d6 4. Nf3 Nb6 5. a4 a5 6. Be2 Nc6 7. Bb5 Bd7 8. O-O
e6 9. Nc3 d5 10. b3 Nc8 11. Ne2 N8a7 12. Bg5 Be7 13. Qd2 b6 14. c3 Bxg5 15.
Nxg5 Nxb5 16. axb5 Ne7 17. Qd3 h6 18. Nf3 c6 19. bxc6 Bxc6 20. c4 Qd7 21. c5
Bb5 22. Qd2 bxc5 23. dxc5 Nc6 24. Rfd1 Bxe2 25. Qxe2 O-O 26. Ra4 Rfb8 27. Qe3
Rb4 28. Rxb4 axb4 29. Nd4 Nxd4 30. Qxd4 Qb5 1/2-1/2

[Event "Oberliga Ost A 2018 2019"]
[Site "?"]
[Date "2018.12.16"]
[Round "5.5"]
[White "Niering, Martin"]
[Black "Schuetze, Norman"]
[Result "1-0"]
[WhiteElo "2195"]
[BlackElo "2283"]
[PlyCount "75"]
[EventDate "2018.10.21"]
[EventType "team-tourn"]
[EventCountry "GER"]
[WhiteTeam "Magdeburg SV Rochade"]
[BlackTeam "Loeberitz SG"]
[WhiteTeamCountry "GER"]
[BlackTeamCountry "GER"]

1. e4 c5 2. Nf3 d6 3. d4 cxd4 4. Nxd4 Nf6 5. Nc3 a6 6. Bg5 Nbd7 7. f4 Qb6 8. a3
h6 9. Bh4 e5 10. Nf5 exf4 11. Bf2 Qc7 12. Qd4 Nc5 13. O-O-O Be6 14. Be2 Rc8 15.
Rhf1 d5 16. Bf3 Bxf5 17. exf5 Bd6 18. Bh4 Ncd7 19. Bxf6 Nxf6 20. Rfe1+ Kf8 21.
Qa4 Kg8 22. Nxd5 Nxd5 23. Rxd5 Kh7 24. f6 g6 25. h4 b5 26. Qb3 Rhf8 27. h5 Bc5
28. Re4 Qc6 29. hxg6+ fxg6 30. Bg4 Rc7 31. Re6 Qb7 32. Rxc5 Rcf7 33. Rcc6 Qa7
34. Kb1 Qg1+ 35. Ka2 Qxg2 36. Re7 Kg8 37. Rxf7 Qxc6 38. Rc7+ 1-0

[Event "Oberliga Ost A 2018 2019"]
[Site "?"]
[Date "2018.12.16"]
[Round "5.6"]
[White "Schindler, Christian"]
[Black "Stolz, Mike"]
[Result "1/2-1/2"]
[WhiteElo "2193"]
[BlackElo "2300"]
[PlyCount "139"]
[EventDate "2018.10.21"]
[EventType "team-tourn"]
[EventCountry "GER"]
[WhiteTeam "Loeberitz SG"]
[BlackTeam "Magdeburg SV Rochade"]
[WhiteTeamCountry "GER"]
[BlackTeamCountry "GER"]

1. d4 d6 2. Nf3 Nf6 3. c4 c5 4. dxc5 Qa5+ 5. Nc3 Qxc5 6. e4 g6 7. Be2 Bg7 8.
O-O O-O 9. Be3 Qa5 10. Nd4 Nc6 11. Qd2 Nxd4 12. Qxd4 Ng4 13. Qd5 Bxc3 14. Bxg4
Qxd5 15. cxd5 Bf6 16. h3 h5 17. Bxc8 Rfxc8 18. Rac1 Bxb2 19. Rxc8+ Rxc8 20. Rb1
Rc2 21. Bxa7 b5 22. Bb6 Kf8 23. Ba5 Bd4 24. Rxb5 Rxa2 25. Bb6 Ra1+ 26. Kh2 Be5+
27. g3 h4 28. Rb3 hxg3+ 29. fxg3 Ra2+ 30. Kg1 Re2 31. Be3 f5 32. exf5 gxf5 33.
Kf1 Rh2 34. h4 Kf7 35. Bf2 Rh1+ 36. Ke2 Kg6 37. Rb7 Bf6 38. Rb3 Ra1 39. Rd3 Kh5
40. Kf3 Be5 41. Be3 Ra4 42. Bg5 Rg4 43. Kf2 Re4 44. Kf3 Rg4 45. Kf2 Ra4 46. Kf3
Ra7 47. Rb3 Kg6 48. Rd3 Kf7 49. Be3 Ra5 50. Bg5 Ra1 51. Kf2 Kg6 52. Bxe7 Kh5
53. Kf3 Rf1+ 54. Kg2 Re1 55. Kf2 Rb1 56. Kf3 Rf1+ 57. Kg2 Re1 58. Kf2 Re4 59.
Kf3 Rg4 60. Kf2 Re4 61. Kf3 Bxg3 62. Kxg3 Rxe7 63. Kf4 Re5 64. Rg3 Kxh4 65. Rg8
Kh5 66. Rg5+ Kh4 67. Rg6 Re4+ 68. Kxf5 Re5+ 69. Kf4 Rxd5 70. Rh6+ 1/2-1/2

[Event "Oberliga Ost A 2018 2019"]
[Site "?"]
[Date "2018.12.16"]
[Round "5.7"]
[White "Horvath, Julia"]
[Black "Schuster, Martin"]
[Result "0-1"]
[WhiteElo "2105"]
[BlackElo "2193"]
[PlyCount "116"]
[EventDate "2018.10.21"]
[EventType "team-tourn"]
[EventCountry "GER"]
[WhiteTeam "Magdeburg SV Rochade"]
[BlackTeam "Loeberitz SG"]
[WhiteTeamCountry "GER"]
[BlackTeamCountry "GER"]

1. d4 Nf6 2. c4 e6 3. Nf3 d5 4. e3 Be7 5. Nc3 Nbd7 6. Bd3 c6 7. O-O O-O 8. b3
Bd6 9. e4 Bb4 10. e5 Bxc3 11. exf6 Nxf6 12. Rb1 h6 13. c5 Ne4 14. Qc2 f5 15.
Bf4 Ba5 16. b4 Bc7 17. Bxc7 Qxc7 18. Ne5 Bd7 19. f3 Ng5 20. a4 a6 21. Rfe1 Rf6
22. b5 cxb5 23. axb5 Bxb5 24. Bxb5 axb5 25. Rxb5 Nf7 26. Nxf7 Rxf7 27. Rxe6
Ra1+ 28. Rb1 Qf4 29. Ree1 Qxd4+ 30. Qf2 Qxf2+ 31. Kxf2 Ra5 32. Re8+ Kh7 33. Rb8
Rxc5 34. R8xb7 Rc2+ 35. Kf1 Rxb7 36. Rxb7 Kg6 37. Rd7 Rd2 38. f4 Kf6 39. h4 h5
40. Rd6+ Ke7 41. Rg6 Kf7 42. Rd6 Rd4 43. Ke2 Rxf4 44. g3 Rd4 45. Ke3 Ke7 46.
Ra6 Rg4 47. Kf3 g6 48. Rb6 d4 49. Rc6 d3 50. Rc2 Ke6 51. Rd2 Rd4 52. Ke3 Ke5
53. Kf3 Kd5 54. Ke3 Kc4 55. Ra2 Re4+ 56. Kf2 Kb3 57. Ra6 d2 58. Rd6 Kc2 0-1

[Event "Oberliga Ost A 2018 2019"]
[Site "?"]
[Date "2018.12.16"]
[Round "5.8"]
[White "Boehm, Christian"]
[Black "Kahe, Ralph"]
[Result "1-0"]
[WhiteElo "2083"]
[BlackElo "2163"]
[PlyCount "69"]
[EventDate "2018.10.21"]
[EventType "team-tourn"]
[EventCountry "GER"]
[WhiteTeam "Loeberitz SG"]
[BlackTeam "Magdeburg SV Rochade"]
[WhiteTeamCountry "GER"]
[BlackTeamCountry "GER"]

1. Nf3 g6 2. g3 Bg7 3. Bg2 c5 4. O-O Nc6 5. d3 Nf6 6. e4 O-O 7. Re1 Ne8 8. c3
Qb6 9. Na3 d6 10. Nc4 Qc7 11. a4 b6 12. e5 d5 13. Ne3 e6 14. Ng4 h5 15. Nh6+
Kh7 16. Ng5+ Kh8 17. Ng4 Kg8 18. Nf6+ Nxf6 19. exf6 Bxf6 20. g4 Qd8 21. h4 hxg4
22. Qxg4 e5 23. Qf3 Be6 24. Nxe6 fxe6 25. Qg4 Qe8 26. h5 g5 27. f4 exf4 28.
Bxf4 Kh8 29. Bxg5 Bxg5 30. Qxg5 Qf7 31. Qh6+ Qh7 32. Rxe6 Na5 33. Qe3 Qc7 34.
Rh6+ Kg8 35. Qg5+ 1-0

[Event "Oberliga Ost A 2018 2019"]
[Site "?"]
[Date "2019.02.02"]
[Round "6.1"]
[White "Hoepfl, Thomas"]
[Black "Pulpan, Jakub"]
[Result "0-1"]
[WhiteElo "2283"]
[BlackElo "2419"]
[PlyCount "64"]
[EventDate "2018.10.21"]
[EventType "team-tourn"]
[EventCountry "GER"]
[WhiteTeam "Halle USV"]
[BlackTeam "Aue ESV Nickelhuette II"]
[WhiteTeamCountry "GER"]
[BlackTeamCountry "GER"]

1. e4 c5 2. Nf3 d6 3. Bb5+ Nd7 4. O-O a6 5. Bd3 Ngf6 6. c3 g6 7. Bc2 e5 8. d4
Qc7 9. Re1 b5 10. a4 Rb8 11. axb5 axb5 12. b4 cxd4 13. cxd4 Bg7 14. Na3 O-O 15.
d5 Ba6 16. Bd3 Nxd5 17. exd5 e4 18. Ra2 exf3 19. Rc2 Qb7 20. Qxf3 Ne5 21. Qd1
Qxd5 22. Be4 Qe6 23. Bb2 Rfe8 24. Rce2 Qd7 25. f4 Qa7+ 26. Kh1 Ng4 27. Bxg7
Rxe4 28. h3 Rxe2 29. Qxe2 Nf2+ 30. Kg1 Nxh3+ 31. Kh2 Nxf4 32. Qd2 Nxg2 0-1

[Event "Oberliga Ost A 2018 2019"]
[Site "?"]
[Date "2019.02.02"]
[Round "6.2"]
[White "Cerveny, Martin"]
[Black "Becker, Michael"]
[Result "1-0"]
[WhiteElo "2346"]
[BlackElo "2257"]
[PlyCount "93"]
[EventDate "2018.10.21"]
[EventType "team-tourn"]
[EventCountry "GER"]
[WhiteTeam "Aue ESV Nickelhuette II"]
[BlackTeam "Halle USV"]
[WhiteTeamCountry "GER"]
[BlackTeamCountry "GER"]

1. d4 Nf6 2. Nf3 c5 3. c4 cxd4 4. Nxd4 Nc6 5. Nc3 g6 6. g3 d6 7. Bg2 Bd7 8. b3
Bg7 9. Bb2 O-O 10. O-O Nxd4 11. Qxd4 Bc6 12. Qd2 Bxg2 13. Kxg2 Qa5 14. Rfd1
Rfe8 15. Rac1 Rac8 16. h3 Qf5 17. Qe3 Qc5 18. Qf3 Qc6 19. Nd5 Nxd5 20. cxd5 Qb5
21. Bxg7 Kxg7 22. h4 h5 23. Qe4 Rxc1 24. Rxc1 e6 25. Rc7 Qxd5 26. Qxd5 exd5 27.
Kf3 Rb8 28. Rd7 Kf6 29. Rxd6+ Ke5 30. Rd7 Ke6 31. Rc7 a5 32. Ke3 f6 33. Kd4 Kf5
34. f3 b6 35. Rd7 Ke6 36. Rxd5 Rc8 37. Rb5 Rc6 38. e4 Rd6+ 39. Ke3 Kd7 40. Rd5
Rxd5 41. exd5 Kd6 42. Ke4 Kc5 43. g4 b5 44. gxh5 gxh5 45. a3 b4 46. axb4+ axb4
47. f4 1-0

[Event "Oberliga Ost A 2018 2019"]
[Site "?"]
[Date "2019.02.02"]
[Round "6.3"]
[White "Hartge, Gedeon"]
[Black "Jurasek, Miroslav"]
[Result "1/2-1/2"]
[WhiteElo "2205"]
[BlackElo "2216"]
[PlyCount "175"]
[EventDate "2018.10.21"]
[EventType "team-tourn"]
[EventCountry "GER"]
[WhiteTeam "Halle USV"]
[BlackTeam "Aue ESV Nickelhuette II"]
[WhiteTeamCountry "GER"]
[BlackTeamCountry "GER"]

1. d4 e6 2. c4 Nf6 3. Nc3 d5 4. cxd5 exd5 5. Bg5 Be7 6. e3 Nbd7 7. Bd3 Nf8 8.
Nge2 Ne6 9. Bh4 c6 10. O-O Nh5 11. Bxe7 Qxe7 12. Rb1 O-O 13. b4 a6 14. a4 f5
15. Qc2 Ng5 16. b5 axb5 17. axb5 Be6 18. bxc6 bxc6 19. Rfe1 Rac8 20. Na4 Ne4
21. f3 Nd6 22. Nc5 Rfe8 23. Nf4 Nxf4 24. exf4 Qf6 25. Re5 Rc7 26. Rbe1 Bf7 27.
Qa4 Rec8 28. Qc2 g6 29. Qc3 Qd8 30. g3 Ra7 31. R1e2 Rca8 32. Kg2 Ra3 33. Qb4
Nc4 34. Bxc4 dxc4 35. Ne6 Qd7 36. Qxc4 R3a4 37. Qc3 Ra2 38. Ng5 Rxe2+ 39. Rxe2
Bd5 40. Qb4 Ra2 41. Rxa2 Bxa2 42. Qb8+ Kg7 43. Qe5+ Kg8 44. Nh3 Bd5 45. Qb8+
Kg7 46. Nf2 Bc4 47. Qe5+ Kg8 48. Qb8+ Kg7 49. Qb2 Bb5 50. d5+ Kg8 51. dxc6 Qxc6
52. Qa2+ Bc4 53. Qd2 Qe6 54. h4 Qe2 55. Qxe2 Bxe2 56. Nh3 Kg7 57. Kf2 Bc4 58.
Ke3 Bd5 59. Nf2 h6 60. Nd3 Kf6 61. Nc5 Bc6 62. Nb3 Ba4 63. Nd4 Bd7 64. Kf2 Bc8
65. Ke3 Bd7 66. Kd3 Ba4 67. Kc4 Bd1 68. Kd5 Ba4 69. Kd6 Bd1 70. Kd5 Ba4 71. Nc6
Bd1 72. Ne5 Be2 73. Kd6 Bd1 74. g4 fxg4 75. fxg4 g5 76. hxg5+ hxg5 77. Nd7+ Kg7
78. fxg5 Bxg4 79. Ne5 Bd1 80. Ke6 Bb3+ 81. Kf5 Bc2+ 82. Kf4 Bb1 83. Nf3 Bc2 84.
Nh4 Bb1 85. Nf5+ Kg6 86. Nh4+ Kg7 87. Nf5+ Kg6 88. Nh4+ 1/2-1/2

[Event "Oberliga Ost A 2018 2019"]
[Site "?"]
[Date "2019.02.02"]
[Round "6.4"]
[White "Schnabel, Ralf"]
[Black "Schulte, Felix"]
[Result "1-0"]
[WhiteElo "2206"]
[BlackElo "2076"]
[PlyCount "135"]
[EventDate "2018.10.21"]
[EventType "team-tourn"]
[EventCountry "GER"]
[WhiteTeam "Aue ESV Nickelhuette II"]
[BlackTeam "Halle USV"]
[WhiteTeamCountry "GER"]
[BlackTeamCountry "GER"]

1. e4 c5 2. Nf3 e6 3. d4 cxd4 4. Nxd4 a6 5. g3 b5 6. Bg2 Bb7 7. O-O d6 8. a4
bxa4 9. Nc3 Nf6 10. Rxa4 Nbd7 11. Nb3 Qc7 12. Re1 Rb8 13. Qe2 Be7 14. Rc4 Qd8
15. Be3 Ne5 16. Ra4 Nc6 17. h3 O-O 18. Kh2 Nd7 19. Rd1 Qc7 20. f4 Nb6 21. Raa1
Rfd8 22. Na4 Nxa4 23. Rxa4 Bf6 24. c3 Bc8 25. Nd4 Nxd4 26. Bxd4 Bd7 27. Rc4 Bb5
28. Rxc7 Bxe2 29. Bxf6 gxf6 30. Rd2 Bb5 31. Kg1 Rb6 32. e5 fxe5 33. fxe5 Ba4
34. Bf3 d5 35. Rd4 Bc2 36. b4 Bf5 37. h4 Kg7 38. Kf2 Rb5 39. Ke3 Ra8 40. Rf4
Rf8 41. Kd4 Rbb8 42. g4 Bc2 43. Be2 Ra8 44. Rf6 Kg8 45. Rc5 Ra7 46. Rf1 Kg7 47.
Ra5 Rc8 48. Rxa6 Rac7 49. Ra3 h6 50. Rf2 Be4 51. Bf1 Bg6 52. b5 Rb8 53. Rb3 Rb6
54. Ra3 Rcb7 55. Kc5 Rb8 56. Ra7 h5 57. g5 Kf8 58. Rfa2 Be4 59. Be2 Bb1 60.
R2a3 Be4 61. R3a5 Bg6 62. Rc7 Ke8 63. Raa7 Kd8 64. Rd7+ Ke8 65. Rd6 R6b7 66.
Rxb7 Rxb7 67. b6 Be4 68. Bxh5 1-0

[Event "Oberliga Ost A 2018 2019"]
[Site "?"]
[Date "2019.02.02"]
[Round "6.5"]
[White "Luther, Juergen"]
[Black "Heinz, Thomas"]
[Result "1/2-1/2"]
[WhiteElo "2143"]
[BlackElo "2135"]
[PlyCount "25"]
[EventDate "2018.10.21"]
[EventType "team-tourn"]
[EventCountry "GER"]
[WhiteTeam "Halle USV"]
[BlackTeam "Aue ESV Nickelhuette II"]
[WhiteTeamCountry "GER"]
[BlackTeamCountry "GER"]

1. c4 e5 2. Nc3 Nc6 3. g3 g6 4. Bg2 Bg7 5. d3 d6 6. Rb1 Be6 7. Bd2 Qd7 8. b4
Nf6 9. Nd5 O-O 10. b5 Nd8 11. e3 Nh5 12. Ne2 c6 13. bxc6 1/2-1/2

[Event "Oberliga Ost A 2018 2019"]
[Site "?"]
[Date "2019.02.02"]
[Round "6.6"]
[White "Floeter, Frank"]
[Black "Reipsch, Jens"]
[Result "1/2-1/2"]
[WhiteElo "2136"]
[BlackElo "2243"]
[PlyCount "34"]
[EventDate "2018.10.21"]
[EventType "team-tourn"]
[EventCountry "GER"]
[WhiteTeam "Aue ESV Nickelhuette II"]
[BlackTeam "Halle USV"]
[WhiteTeamCountry "GER"]
[BlackTeamCountry "GER"]

1. d4 Nf6 2. c4 c5 3. d5 b5 4. Nf3 g6 5. a4 bxc4 6. Nc3 Bg7 7. e4 d6 8. Bxc4
O-O 9. O-O Ba6 10. Nd2 Qa5 11. Ra3 Nfd7 12. Bb5 Rc8 13. Nc4 Qd8 14. Qe2 Bxb5
15. axb5 Nb6 16. Nxb6 Qxb6 17. Be3 Nd7 1/2-1/2

[Event "Oberliga Ost A 2018 2019"]
[Site "?"]
[Date "2019.02.02"]
[Round "6.7"]
[White "Groebel, Aaron"]
[Black "Heinz, Juergen"]
[Result "1-0"]
[WhiteElo "2098"]
[BlackElo "2212"]
[PlyCount "121"]
[EventDate "2018.10.21"]
[EventType "team-tourn"]
[EventCountry "GER"]
[WhiteTeam "Halle USV"]
[BlackTeam "Aue ESV Nickelhuette II"]
[WhiteTeamCountry "GER"]
[BlackTeamCountry "GER"]

1. e4 c5 2. Nf3 Nc6 3. d4 cxd4 4. Nxd4 e5 5. Nb5 d6 6. N1c3 a6 7. Na3 Be7 8.
Nd5 Nf6 9. Nxf6+ Bxf6 10. Nc4 Be7 11. Be3 Be6 12. Nb6 Rb8 13. Be2 O-O 14. O-O
Bg5 15. Bxg5 Qxg5 16. c3 Rbd8 17. Qc1 Qg6 18. Bf3 f5 19. exf5 Bxf5 20. Qe3 e4
21. Be2 d5 22. Rad1 Be6 23. f3 Bh3 24. Rf2 d4 25. cxd4 exf3 26. Bxf3 Kh8 27.
Bxc6 Rxf2 28. Qxf2 bxc6 29. Nc4 Be6 30. Ne5 Qe4 31. Re1 Qd5 32. Qh4 Qxd4+ 33.
Qxd4 Rxd4 34. Nxc6 Rd6 35. Nd4 Bf7 36. Nf3 h6 37. a3 g5 38. Kf2 Kg7 39. Ke3 Bd5
40. Nd4 Kg6 41. Re2 Rd7 42. Kd3 Rc7 43. b3 Rc1 44. g3 Kf6 45. Rc2 Rd1+ 46. Kc3
Ke5 47. Re2+ Be4 48. Nf3+ Kf5 49. Nd2 Bd5 50. Nc4 Bxc4 51. Kxc4 h5 52. b4 h4
53. gxh4 gxh4 54. a4 Rc1+ 55. Kb3 Rg1 56. b5 a5 57. Rb2 Ke5 58. b6 Kd6 59. Kc4
Rg8 60. Kb5 Rb8 61. Rd2+ 1-0

[Event "Oberliga Ost A 2018 2019"]
[Site "?"]
[Date "2019.02.02"]
[Round "6.8"]
[White "Poessel, Christian"]
[Black "Groeger, Stefan"]
[Result "0-1"]
[WhiteElo "1993"]
[BlackElo "2110"]
[PlyCount "60"]
[EventDate "2018.10.21"]
[EventType "team-tourn"]
[EventCountry "GER"]
[WhiteTeam "Aue ESV Nickelhuette II"]
[BlackTeam "Halle USV"]
[WhiteTeamCountry "GER"]
[BlackTeamCountry "GER"]

1. d4 e6 2. Nf3 Nf6 3. c4 Bb4+ 4. Nbd2 O-O 5. a3 Be7 6. e4 d5 7. e5 Ne4 8. Qc2
f5 9. exf6 Nxf6 10. Bd3 c5 11. dxc5 Bxc5 12. b4 Bd6 13. Bb2 Nc6 14. b5 Ne7 15.
Bxf6 Rxf6 16. Bxh7+ Kh8 17. Bd3 e5 18. cxd5 Nxd5 19. g3 Bg4 20. Be4 Rc8 21. Qd3
Nc3 22. O-O Bc5 23. Nxe5 Be2 24. Qxc3 Bxf2+ 25. Rxf2 Rxc3 26. Rxf6 Qxf6 27.
Ng6+ Kg8 28. Bd5+ Kh7 29. Be4 Qd4+ 30. Kg2 Qxd2 0-1

[Event "Oberliga Ost A 2018 2019"]
[Site "?"]
[Date "2019.02.02"]
[Round "6.1"]
[White "Pietsch, Michael"]
[Black "Moehn, Hans"]
[Result "0-1"]
[WhiteElo "2189"]
[BlackElo "2370"]
[PlyCount "76"]
[EventDate "2018.10.21"]
[EventType "team-tourn"]
[EventCountry "GER"]
[WhiteTeam "Coswig TuS"]
[BlackTeam "Dresden USV TU II"]
[WhiteTeamCountry "GER"]
[BlackTeamCountry "GER"]

1. d4 e6 2. c4 d5 3. Nf3 Nf6 4. g3 Bb4+ 5. Bd2 Bd6 6. Bg2 c6 7. Qc2 Nbd7 8. O-O
Qe7 9. Bf4 Bxf4 10. gxf4 h6 11. Nbd2 Nh5 12. e3 g5 13. f5 exf5 14. cxd5 cxd5
15. Qxf5 Nb6 16. Qd3 O-O 17. a4 Be6 18. Rfc1 Rac8 19. a5 Nd7 20. Qb5 Nb8 21.
Ne5 Nf6 22. Nb3 Na6 23. Nc5 Nxc5 24. Rxc5 Ne4 25. Bxe4 dxe4 26. Rac1 Kg7 27. a6
bxa6 28. Qxa6 Rxc5 29. Rxc5 Bh3 30. b4 f6 31. Nc6 Qe6 32. Qe2 Bg4 33. Qc2 Bf3
34. Kf1 Qh3+ 35. Ke1 Qxh2 36. Qb3 Re8 37. Nxa7 g4 38. Rc7+ Qxc7 0-1

[Event "Oberliga Ost A 2018 2019"]
[Site "?"]
[Date "2019.02.02"]
[Round "6.2"]
[White "Urban, Konstantin"]
[Black "Hofmann, Rares"]
[Result "1-0"]
[WhiteElo "2312"]
[BlackElo "2210"]
[PlyCount "65"]
[EventDate "2018.10.21"]
[EventType "team-tourn"]
[EventCountry "GER"]
[WhiteTeam "Dresden USV TU II"]
[BlackTeam "Coswig TuS"]
[WhiteTeamCountry "GER"]
[BlackTeamCountry "GER"]

1. e4 e5 2. Nf3 Nc6 3. Bb5 a6 4. Ba4 Nf6 5. O-O b5 6. Bb3 Bc5 7. Nxe5 Nxe5 8.
d4 Bxd4 9. Qxd4 d6 10. f4 c5 11. Qd1 Nc6 12. e5 dxe5 13. Qxd8+ Nxd8 14. fxe5
Nd7 15. Bd5 Bb7 16. Nc3 O-O 17. Bxb7 Nxb7 18. Bf4 Nb6 19. Rad1 Rad8 20. Ne4 Rd5
21. Bg3 Rfd8 22. Rde1 h6 23. e6 Rf8 24. Nc3 Rd2 25. exf7+ Kh7 26. Re8 Nd7 27.
Ne4 Rd5 28. Bh4 Re5 29. Be7 Rxf7 30. Rxf7 Rxe4 31. Bf6 Kg6 32. Rxe4 Kxf7 33.
Re7+ 1-0